01619nam a2200409 i 450000100060000000300080000600500170001400600190003100700150005000800410006502000180010602000270012403500230015103500240017403500250019803500210022304000310024405000210027508200170029610000310031324500980034426400420044230000410048433600310052533700330055633800430058949000360063258801290066859001640079765100400096165100450100165500270104679700190107383000380109285600620113099900170119221397FlNmELB20241216213925.0m o d | cr cnu||||||||140924s2011 ec o 000 0 spa d z9789978320679 a9781449258948 (e-book) a(MiAaPQ)EBC3223087 a(Au-PeEL)EBL3223087 a(CaPaEBR)ebr10903745 a(OCoLC)949118299 aFINmELBbspaerdacFINmELB 4aHC202bM737 20110 a330.98662231 aMoncada Sánchez, José.10aProblemas y perspectivas internacionales :bperiodismo militante /cJosé Moncada Sánchez. 1aQuito :bEdiciones La Tierra,c[2011] a1 recurso en línea (256 páginas) atextobtxt2rdacontent/spa acomputadorabc2rdamedia/spa arecurso en líneabcr2rdacarrier/spa1 aColección José Moncada ;v5 aDescripción basada en recurso en línea; Título de la página del título en PDF (e-libro, visto september 24, 2014). aRecurso electrónico. Santa Fe, Arg.: e-libro, 2015. Disponible vía World Wide Web. El acceso puede estar limitado para las bibliotecas afiliadas a e-libro. 0aEcuadorxEconomic conditionsy1972- 4aEcuadorxCondiciones económicasy1972- 4aLibros electrónicos.2 ae-libro, Corp. 0aColección José Moncada. ;v5.40uhttps://elibro.net/ereader/politecnicointernacional/80006 c21397d21397